[Event "Thüringenliga 2012/2013"]
[Site "?"]
[Date "2013.01.27"]
[Round "6"]
[White "Taudte, Stefan"]
[Black "Sauer, Marko"]
[Result "1/2-1/2"]
[WhiteElo "1979"]
[BlackElo "1979"]
[PlyCount "158"]
[EventDate "2013.??.??"]
[WhiteTeam "SV Empor Erfurt"]
[BlackTeam "SG Arnstadt-Stadtilm"]

1. d4 Nf6 2. c4 e6 3. Nf3 b6 4. Bg5 Bb7 5. e3 Be7 6. Nc3 Ne4 7. Bxe7 Qxe7 8.
Bd3 Nxc3 9. bxc3 h6 10. Nd2 Qg5 11. Rg1 d5 12. cxd5 exd5 13. g3 Nd7 14. h4 Qe7
15. Qg4 g6 16. a4 a6 17. Qf4 Rc8 18. Kf1 Qf6 19. Qxf6 Nxf6 20. Rb1 Ke7 21. f3
Rhe8 22. Kf2 Kf8 23. g4 Nd7 24. Nb3 Rb8 25. Rb2 c5 26. dxc5 bxc5 27. Na5 Ba8
28. Rxb8 Rxb8 29. Bxa6 Rb2+ 30. Kg3 Rc2 31. Rb1 Rxc3 32. Rb3 Rxb3 33. Nxb3 c4
34. Nd4 Ke7 35. Kf2 Kd6 36. Ke2 Kc5 37. Bb5 Ne5 38. g5 hxg5 39. hxg5 Bc6 40.
Nxc6 Nxc6 41. Bxc6 Kxc6 42. Kd2 Kb6 43. Kc3 Ka5 44. e4 Kxa4 45. exd5 Kb5 46. d6
Kc6 47. Kxc4 Kxd6 48. Kd4 Ke6 49. Ke4 f5+ 50. Kd4 f4 51. Ke4 Kd6 52. Kxf4 Kd5
53. Kg3 Ke5 54. Kg4 Kd5 55. Kf4 Kd4 56. Kg3 Ke5 57. f4+ Kd5 58. Kf3 Kd6 59. Ke3
Ke7 60. Kd3 Kd7 61. Kc4 Ke6 62. Kd4 Kd6 63. Ke4 Ke6 64. Kf3 Kd6 65. Kg3 Kd5 66.
Kh4 Kd6 67. Kh3 Kd5 68. Kg3 Kd6 69. Kh4 Ke7 70. Kg4 Ke6 71. Kf3 Kd7 72. Ke4 Ke6
73. f5+ gxf5+ 74. Kf4 Kf7 75. Kxf5 Kg7 76. g6 Kg8 77. Kg4 Kg7 78. Kg5 Kg8 79.
Kh5 Kg7 1/2-1/2

[Event "Thüringenliga 2012/2013"]
[Site "?"]
[Date "2013.01.27"]
[Round "6"]
[White "Widmann, Benjamin"]
[Black "Schmuck, Helmut"]
[Result "1/2-1/2"]
[WhiteElo "1853"]
[BlackElo "1924"]
[PlyCount "63"]
[EventDate "2013.??.??"]
[WhiteTeam "SG Arnstadt-Stadtilm"]
[BlackTeam "SV Empor Erfurt"]

1. c4 e5 2. Nc3 Nf6 3. Nf3 d6 4. g3 Be7 5. Bg2 O-O 6. d3 c6 7. Rb1 Nbd7 8. b4
d5 9. O-O dxc4 10. dxc4 Qc7 11. Qb3 Nb6 12. a4 Be6 13. Nd2 Rab8 14. a5 Nxc4 15.
Nxc4 b5 16. axb6 axb6 17. Qa4 Bxc4 18. Qxc6 Qxc6 19. Bxc6 b5 20. Bg5 Rfd8 21.
Rfe1 Rb6 22. Bf3 Ra6 23. Red1 Rxd1+ 24. Rxd1 h6 25. Bxf6 gxf6 26. Nd5 Bf8 27.
Ne3 Be6 28. Nd5 Kg7 29. Nc7 Rb6 30. Nxe6+ fxe6 31. Rd7+ Kg6 32. Rb7 1/2-1/2

[Event "Thüringenliga 2012/2013"]
[Site "?"]
[Date "2013.01.27"]
[Round "6"]
[White "Michalowski, Peter"]
[Black "Schätz, Bianca"]
[Result "1-0"]
[WhiteElo "1945"]
[BlackElo "1880"]
[PlyCount "93"]
[EventDate "2013.??.??"]
[WhiteTeam "SV Empor Erfurt"]
[BlackTeam "SG Arnstadt-Stadtilm"]

1. e4 c5 2. Nf3 e6 3. d3 Nc6 4. g3 g6 5. Bg2 Bg7 6. O-O Nge7 7. c3 O-O 8. Re1
d5 9. Nbd2 Qc7 10. Nf1 Rd8 11. Qe2 dxe4 12. dxe4 e5 13. a4 b6 14. h4 a5 15. h5
Ba6 16. Qc2 h6 17. hxg6 Nxg6 18. Ne3 Bd3 19. Qb3 Nce7 20. Nc4 Rab8 21. Bf1 Bxf1
22. Kxf1 Nc8 23. Be3 Nd6 24. Nxd6 Rxd6 25. Rad1 Rbd8 26. Ke2 Qd7 27. Rxd6 Qxd6
28. Rd1 Qxd1+ 29. Qxd1 Rxd1 30. Kxd1 Kf8 31. Nd2 Ne7 32. Nc4 Nc8 33. b4 axb4
34. cxb4 cxb4 35. Bxb6 Ke8 36. Kc2 Kd7 37. Bc5 Kc6 38. Bxb4 Nb6 39. Nxb6 Kxb6
40. g4 Bf6 41. Kd3 Kc6 42. Kc4 Bh4 43. f3 Bg5 44. Bf8 f6 45. Bg7 Kd6 46. a5 Ke7
47. a6 1-0

[Event "Thüringenliga 2012/2013"]
[Site "?"]
[Date "2013.01.27"]
[Round "6"]
[White "Bächer, Reinhard"]
[Black "Wahlicht, Mike"]
[Result "1-0"]
[WhiteElo "1852"]
[BlackElo "1830"]
[PlyCount "73"]
[EventDate "2013.??.??"]
[WhiteTeam "SG Arnstadt-Stadtilm"]
[BlackTeam "SV Empor Erfurt"]

1. e4 c5 2. Nf3 Nc6 3. d4 cxd4 4. Nxd4 Nf6 5. Nc3 e5 6. Ndb5 d6 7. Bg5 a6 8.
Bxf6 gxf6 9. Na3 b5 10. Nd5 Bg7 11. g3 Ne7 12. Bg2 O-O 13. O-O Be6 14. Nxe7+
Qxe7 15. c3 Rab8 16. Nc2 a5 17. Qd2 f5 18. exf5 Bxf5 19. Ne3 Be6 20. Nd5 Bxd5
21. Qxd5 Rfc8 22. Rfd1 Bf8 23. Be4 Qe6 24. Qd3 Qh6 25. Qf3 Rc7 26. Rd5 Rc5 27.
Rad1 Rbc8 28. Rxc5 Rxc5 29. Bd5 Rc7 30. Qe2 Qg6 31. Qxb5 Qc2 32. Bb3 Rc5 33.
Qe8 Qf5 34. Qa8 Kg7 35. Qb7 e4 36. Bd5 Qf3 37. Rd4 1-0

[Event "Thüringenliga 2012/2013"]
[Site "?"]
[Date "2013.01.27"]
[Round "6"]
[White "Renner, Wolfgang"]
[Black "Marufke, Kai"]
[Result "0-1"]
[WhiteElo "1761"]
[BlackElo "1862"]
[PlyCount "52"]
[EventDate "2013.??.??"]
[WhiteTeam "SV Empor Erfurt"]
[BlackTeam "SG Arnstadt-Stadtilm"]

1. Nf3 f5 2. d4 d5 3. g3 Nf6 4. Bg2 e6 5. c4 Be7 6. Nc3 O-O 7. O-O Ne4 8. Qb3
c6 9. Ne5 Nd7 10. cxd5 Nxe5 11. Nxe4 fxe4 12. dxe5 cxd5 13. Be3 b6 14. Rac1 Ba6
15. Rc2 Qd7 16. Rd1 Qb7 17. Bxe4 Rac8 18. Bf3 Rxc2 19. Qxc2 Rc8 20. Qa4 Bc5 21.
Qg4 Qf7 22. Bxd5 exd5 23. e6 Qg6 24. Qa4 Bxe2 25. Rxd5 Bf3 26. Qd7 Qb1+ 0-1

[Event "Thüringenliga 2012/2013"]
[Site "?"]
[Date "2013.01.27"]
[Round "6"]
[White "Schumacher, Andreas"]
[Black "Strauch, Martin"]
[Result "1/2-1/2"]
[WhiteElo "1686"]
[BlackElo "1772"]
[PlyCount "89"]
[EventDate "2013.??.??"]
[WhiteTeam "SG Arnstadt-Stadtilm"]
[BlackTeam "SV Empor Erfurt"]

1. d4 d6 2. c4 Nf6 3. Nc3 g6 4. e4 Bg7 5. Nf3 O-O 6. Be2 c6 7. O-O Qc7 8. a3 e5
9. d5 c5 10. b4 b6 11. Nd2 a6 12. Nb3 Nbd7 13. Rb1 Rb8 14. Qc2 Ne8 15. Bd2 f5
16. f3 Ndf6 17. Rb2 Nh5 18. Rfb1 Nf4 19. Bf1 Nf6 20. Ne2 fxe4 21. fxe4 N6h5 22.
bxc5 bxc5 23. Na5 Rxb2 24. Rxb2 Bh6 25. Ng3 Qf7 26. Qd1 Nh3+ 27. gxh3 Qf2+ 28.
Kh1 Be3 29. Bxe3 Nxg3+ 30. hxg3 Qxb2 31. Qe2 Qb1 32. Kg2 Qxe4+ 33. Kh2 Rxf1 34.
Qxf1 Qxe3 35. Nc6 Kg7 36. Nd8 Qd2+ 37. Qg2 Qxg2+ 38. Kxg2 Kf6 39. Nc6 e4 40. g4
h5 41. Kg3 hxg4 42. hxg4 Kg5 43. Nd8 Kf6 44. g5+ Ke7 45. Nc6+ 1/2-1/2

[Event "Thüringenliga 2012/2013"]
[Site "?"]
[Date "2013.01.27"]
[Round "6"]
[White "Thiemann, Jürgen"]
[Black "Hattendorf, Jens"]
[Result "1/2-1/2"]
[WhiteElo "1702"]
[BlackElo "1892"]
[PlyCount "48"]
[EventDate "2013.??.??"]
[WhiteTeam "SV Empor Erfurt"]
[BlackTeam "SG Arnstadt-Stadtilm"]

1. d4 Nf6 2. c4 d6 3. Nc3 Nbd7 4. Nf3 e5 5. Bg5 c6 6. e3 Qa5 7. Qd2 h6 8. Bh4
g5 9. Bg3 Nh5 10. Bd3 Bg7 11. Rb1 O-O 12. b4 Qd8 13. Bf5 Nb6 14. Bxc8 Qxc8 15.
Qd3 f5 16. dxe5 Nxg3 17. hxg3 dxe5 18. Nd2 e4 19. Qc2 Qe6 20. Ne2 Rad8 21. O-O
Rd3 22. Rfc1 Rfd8 23. Nb3 Qf7 24. Ned4 Na4 1/2-1/2

[Event "Thüringenliga 2012/2013"]
[Site "?"]
[Date "2013.01.27"]
[Round "6"]
[White "Krüger, Rainer"]
[Black "Kottwitz, Daniel"]
[Result "1/2-1/2"]
[WhiteElo "2088"]
[BlackElo "1887"]
[PlyCount "42"]
[EventDate "2013.??.??"]
[WhiteTeam "ESV Lok Sömmerda"]
[BlackTeam "Schachzirkel Elstertal Langenberg"]

1. d4 e6 2. Nf3 f5 3. g3 Nf6 4. Bg2 d5 5. O-O Bd6 6. c4 c6 7. b3 Qe7 8. Bf4
Bxf4 9. gxf4 O-O 10. Ne5 Bd7 11. Nc3 Be8 12. e3 Ne4 13. Nxe4 fxe4 14. f3 Bh5
15. Qe1 exf3 16. Bxf3 Bxf3 17. Rxf3 Nd7 18. Nxd7 Qxd7 19. Qh4 Rf6 20. Rg3 Raf8
21. Kh1 c5 1/2-1/2

[Event "Thüringenliga 2012/2013"]
[Site "?"]
[Date "2013.01.27"]
[Round "6"]
[White "Sobolevsky, Leonid"]
[Black "Wanzek, Daniel"]
[Result "1-0"]
[WhiteElo "2104"]
[BlackElo "2113"]
[PlyCount "76"]
[EventDate "2013.??.??"]
[WhiteTeam "Schachzirkel Elstertal Langenberg"]
[BlackTeam "ESV Lok Sömmerda"]

1. e4 d5 2. exd5 Qxd5 3. Nc3 Qa5 4. d4 Nf6 5. Nf3 Bg4 6. h3 Bh5 7. g4 Bg6 8.
Ne5 e6 9. Bd2 Nbd7 10. Nc4 Qa6 11. Qf3 Bb4 12. Ne5 Qb6 13. Nxg6 hxg6 14. Bg2
O-O-O 15. O-O e5 16. g5 e4 17. Qe2 Nh5 18. Qxe4 c6 19. d5 Ng3 20. Qg4 Nxf1 21.
Na4 Qb5 22. Bxb4 Qxa4 23. dxc6 bxc6 24. b3 Qb5 25. Bxf1 Qb6 26. Rd1 Rhe8 27. a4
c5 28. Bc3 f5 29. gxf6 gxf6 30. Bb5 Qe6 31. Qg3 Ne5 32. Re1 Qd5 33. Re3 Re6 34.
f4 Qd1+ 35. Bf1 Nf3+ 36. Qxf3 Rxe3 37. Qxe3 Qxc2 38. Qxc5+ Kd7 1-0

[Event "Thüringenliga 2012/2013"]
[Site "?"]
[Date "2013.01.27"]
[Round "6"]
[White "Siegemund, Joachim"]
[Black "Watzke, Birger"]
[Result "1/2-1/2"]
[WhiteElo "2033"]
[BlackElo "2154"]
[PlyCount "42"]
[EventDate "2013.??.??"]
[WhiteTeam "ESV Lok Sömmerda"]
[BlackTeam "Schachzirkel Elstertal Langenberg"]

1. c4 e5 2. Nc3 Nc6 3. Nf3 f5 4. d4 e4 5. Ng5 Bb4 6. Nh3 Nf6 7. e3 Bxc3+ 8.
bxc3 b6 9. Be2 O-O 10. O-O Ba6 11. Ba3 d6 12. Bb4 Nxb4 13. cxb4 c5 14. b5 Bc8
15. dxc5 dxc5 16. Qxd8 Rxd8 17. Rfd1 Be6 18. Ng5 Bf7 19. Nxf7 Kxf7 20. Rxd8
Rxd8 21. Rd1 Rxd1+ 1/2-1/2

[Event "Thüringenliga 2012/2013"]
[Site "?"]
[Date "2013.01.27"]
[Round "6"]
[White "Frommelt, Hans-Jürgen"]
[Black "Kalisch, Michael"]
[Result "0-1"]
[WhiteElo "1965"]
[BlackElo "1936"]
[PlyCount "76"]
[EventDate "2013.??.??"]
[WhiteTeam "Schachzirkel Elstertal Langenberg"]
[BlackTeam "ESV Lok Sömmerda"]

1. e4 c6 2. d3 d5 3. Nc3 g6 4. g3 Bg7 5. Bg2 dxe4 6. Nxe4 Nd7 7. Ne2 Ngf6 8.
O-O O-O 9. c3 e5 10. Qc2 Nd5 11. c4 Nc7 12. Be3 Ne6 13. Nd6 Ndc5 14. Nxc8 Rxc8
15. Rad1 Qd7 16. b4 Na6 17. Qa4 f5 18. f3 Nac7 19. Qb3 a6 20. Bb6 Kh8 21. Rd2
Rfe8 22. Be3 Re7 23. Rfd1 Nd4 24. Nxd4 exd4 25. Bf2 f4 26. Qb2 Rce8 27. Kf1 Re3
28. Qb1 Ne6 29. Bh3 Rxf3 30. Bg4 Re3 31. Bxe3 dxe3 32. Re2 Qf7 33. Kg2 Nd4 34.
Rf1 Nxe2 35. Bxe2 g5 36. Rf3 Rf8 37. Qf1 Be5 38. h4 g4 0-1

[Event "Thüringenliga 2012/2013"]
[Site "?"]
[Date "2013.01.27"]
[Round "6"]
[White "Kühn, Karsten"]
[Black "Streit, Michael"]
[Result "1/2-1/2"]
[WhiteElo "1967"]
[BlackElo "1893"]
[PlyCount "85"]
[EventDate "2013.??.??"]
[WhiteTeam "ESV Lok Sömmerda"]
[BlackTeam "Schachzirkel Elstertal Langenberg"]

1. e4 e5 2. Bc4 Nc6 3. c3 Nf6 4. d3 Be7 5. Nf3 O-O 6. O-O a6 7. Re1 d6 8. Nbd2
Bg4 9. h3 Bh5 10. g4 Bg6 11. Nf1 Na5 12. Bb3 c5 13. Bc2 h5 14. Nh4 hxg4 15.
Nxg6 fxg6 16. hxg4 Nh7 17. Ng3 Bg5 18. Kg2 Qf6 19. Qe2 Kf7 20. d4 Bxc1 21.
Raxc1 c4 22. Rcd1 Ke7 23. dxe5 dxe5 24. Rd5 Nc6 25. Red1 Rad8 26. Qe3 Ng5 27.
Rxd8 Nxd8 28. Qc5+ Ke8 29. Rd6 Qf3+ 30. Kg1 Nh3+ 31. Kh2 Qxf2+ 32. Qxf2 Rxf2+
33. Kxh3 Rxc2 34. Rxg6 Kf7 35. Rb6 g6 36. g5 Rf2 37. Kg4 Rd2 38. Rf6+ Kg7 39.
Rb6 Kf7 40. Kf3 Rd3+ 41. Kg2 Rd2+ 42. Kg1 Rd7 43. Nf1 1/2-1/2

[Event "Thüringenliga 2012/2013"]
[Site "?"]
[Date "2013.01.27"]
[Round "6"]
[White "Streit, Jürgen"]
[Black "Kühn, Martin"]
[Result "0-1"]
[WhiteElo "1710"]
[BlackElo "1919"]
[PlyCount "64"]
[EventDate "2013.??.??"]
[WhiteTeam "Schachzirkel Elstertal Langenberg"]
[BlackTeam "ESV Lok Sömmerda"]

1. e4 e6 2. d4 d5 3. Nd2 Nf6 4. e5 Nfd7 5. Bd3 c5 6. c3 Nc6 7. Ne2 cxd4 8. cxd4
f6 9. Nf4 Nxd4 10. exf6 Nxf6 11. O-O Bd6 12. Qa4+ Nc6 13. Re1 Bxf4 14. Qxf4 O-O
15. Qh4 e5 16. f3 Qb6+ 17. Kh1 Bd7 18. Nb3 Qb4 19. Bg5 h6 20. Bxf6 Rxf6 21.
Qxb4 Nxb4 22. Nc5 Bc6 23. Rxe5 b6 24. a3 bxc5 25. axb4 cxb4 26. Bc2 Kf8 27. Bb3
Rd6 28. Ra5 d4 29. Rf5+ Rf6 30. Rac5 Bd7 31. Rxf6+ gxf6 32. Rd5 Be6 0-1

[Event "Thüringenliga 2012/2013"]
[Site "?"]
[Date "2013.01.27"]
[Round "6"]
[White "Kirste, Olaf"]
[Black "Schaudin, Andreas"]
[Result "1/2-1/2"]
[WhiteElo "1934"]
[BlackElo "1583"]
[PlyCount "85"]
[EventDate "2013.??.??"]
[WhiteTeam "ESV Lok Sömmerda"]
[BlackTeam "Schachzirkel Elstertal Langenberg"]

1. c4 e5 2. Nc3 b6 3. Nf3 d6 4. d4 exd4 5. Nxd4 Bb7 6. e4 Nf6 7. f3 Nc6 8. Be3
Nxd4 9. Qxd4 Be7 10. Be2 O-O 11. O-O-O Nd7 12. g4 Bf6 13. Qd2 Qe7 14. Nb5 Qd8
15. h4 a6 16. Na3 g6 17. g5 Bg7 18. h5 Re8 19. Rh4 Nf8 20. Rdh1 Qe7 21. Nc2 c5
22. Ne1 f5 23. Bd3 Rad8 24. Ng2 fxe4 25. Bxe4 Bxe4 26. Rxe4 Qf7 27. Rf4 Qe6 28.
Re1 Be5 29. Re4 Qf7 30. Qe2 Bg3 31. Rd1 Rxe4 32. fxe4 Be5 33. Rf1 Qe6 34. Qd3
Nd7 35. hxg6 hxg6 36. Nf4 Bxf4 37. Bxf4 Ne5 38. Bxe5 Qxe5 39. Qd5+ Qxd5 40.
exd5 b5 41. Rf6 Kg7 42. b3 b4 43. Kb2 1/2-1/2

[Event "Thüringenliga 2012/2013"]
[Site "?"]
[Date "2013.01.27"]
[Round "6"]
[White "Janisch, Manfred"]
[Black "Berger, Nils"]
[Result "1-0"]
[WhiteElo "1774"]
[BlackElo "1503"]
[PlyCount "65"]
[EventDate "2013.??.??"]
[WhiteTeam "Schachzirkel Elstertal Langenberg"]
[BlackTeam "ESV Lok Sömmerda"]

1. d4 d5 2. c4 e6 3. Nc3 Nf6 4. a3 Be7 5. Nf3 Nbd7 6. e3 c6 7. Bd3 O-O 8. O-O
Qc7 9. e4 dxe4 10. Nxe4 Nxe4 11. Bxe4 Nf6 12. Bb1 Rd8 13. Qc2 h6 14. b4 Bd7 15.
Ne5 Be8 16. Bb2 g6 17. Qe2 Kg7 18. Bc2 Bd6 19. Nf3 b6 20. Rad1 c5 21. dxc5 bxc5
22. b5 Qe7 23. Nd2 Bc7 24. f4 Kg8 25. Qe3 Bd7 26. Qc3 Kg7 27. Ne4 e5 28. Nxf6
Qxf6 29. fxe5 Qe6 30. Rf6 Qg4 31. e6 Ba5 32. Rxf7+ Kg8 33. Qg7# 1-0

[Event "Thüringenliga 2012/2013"]
[Site "?"]
[Date "2013.01.27"]
[Round "6"]
[White "Mehlhorn, Uwe"]
[Black "Goemann, Jens"]
[Result "1/2-1/2"]
[WhiteElo "2104"]
[BlackElo "2103"]
[PlyCount "155"]
[EventDate "2013.??.??"]
[WhiteTeam "Ilmenauer SV"]
[BlackTeam "TSG Apolda"]

1. b3 e5 2. Bb2 Nc6 3. e3 g6 4. Bb5 Bg7 5. f4 Nge7 6. Nf3 d6 7. O-O O-O 8. fxe5
dxe5 9. Nc3 Bf5 10. e4 Bg4 11. Be2 Qd7 12. d3 h6 13. Kh1 Be6 14. Qe1 Nd4 15.
Bd1 c5 16. Bc1 Nec6 17. Qh4 Qe7 18. Qg3 Rad8 19. Ne1 Qd7 20. Be3 b6 21. Nb1 Kh7
22. c3 Nb5 23. Bc2 Qe7 24. Nf3 Bc8 25. a4 Nd6 26. Nbd2 Ne8 27. Nc4 Nf6 28. Qh4
Ng8 29. Bg5 f6 30. Bd2 Qe6 31. Ne3 Nge7 32. h3 g5 33. Qg3 Ba6 34. Ne1 Ng6 35.
Nd5 Qd6 36. Qg4 Bc8 37. Qh5 Be6 38. Ne3 Nf4 39. Qf3 Ne7 40. Rd1 Kg8 41. Bc1 Qc6
42. Rd2 Qe8 43. Kh2 h5 44. Qd1 Nc6 45. Nf5 h4 46. Nf3 Rf7 47. d4 cxd4 48. cxd4
Bxf5 49. exf5 e4 50. Re1 Re7 51. d5 exf3 52. dxc6 Rxd2 53. Bxd2 Rxe1 54. Bxe1
Qxc6 55. gxf3 Bf8 56. Bd2 Nh5 57. f4 Ng3 58. Bd3 Bd6 59. Be2 Qc5 60. Kg2 Nxf5
61. Bc4+ Kf8 62. Qh5 Qc6+ 63. Qf3 Qxf3+ 64. Kxf3 Bxf4 65. Bxf4 gxf4 66. Kxf4
Nd6 67. Bd3 Ne8 68. Kg4 Nc7 69. Bc4 a6 70. Kxh4 b5 71. axb5 axb5 72. Bd3 b4 73.
Bc4 Ne8 74. Kg4 Nd6 75. Bd3 Nb7 76. Kf5 Kg7 77. Be2 Nc5 78. Bc4 1/2-1/2

[Event "Thüringenliga 2012/2013"]
[Site "?"]
[Date "2013.01.27"]
[Round "6"]
[White "Rohmeiß, Roberto"]
[Black "Sukaylo, Aleksey"]
[Result "1-0"]
[WhiteElo "2033"]
[BlackElo "2094"]
[PlyCount "71"]
[EventDate "2013.??.??"]
[WhiteTeam "TSG Apolda"]
[BlackTeam "Ilmenauer SV"]

1. d4 Nf6 2. Nf3 e6 3. e3 c5 4. Bd3 Nc6 5. c3 d5 6. Nbd2 Bd6 7. O-O O-O 8. Qe2
Qc7 9. dxc5 Bxc5 10. e4 Ng4 11. exd5 exd5 12. Nb3 Bd6 13. h3 Nge5 14. Ng5 g6
15. Bc2 Nc4 16. Ne4 Be5 17. f4 Bg7 18. Ng5 Bd7 19. f5 Rae8 20. Qf2 N6e5 21. Nd4
h6 22. Ngf3 g5 23. Nh2 f6 24. b3 Nd6 25. Bb2 Ne4 26. Qe3 Nf7 27. Rfd1 Nfd6 28.
Ne6 Bxe6 29. fxe6 Rxe6 30. Rxd5 Qe7 31. Nf3 f5 32. Nd4 Bxd4 33. Qxd4 Nf7 34. c4
Ne5 35. Rxe5 Qf7 36. Rxe6 1-0

[Event "Thüringenliga 2012/2013"]
[Site "?"]
[Date "2013.01.27"]
[Round "6"]
[White "Töpfer, Albrecht"]
[Black "Maiwald, Harald"]
[Result "1/2-1/2"]
[WhiteElo "1932"]
[BlackElo "2011"]
[PlyCount "43"]
[EventDate "2013.??.??"]
[WhiteTeam "Ilmenauer SV"]
[BlackTeam "TSG Apolda"]

1. c4 Nf6 2. g3 c6 3. Bg2 d5 4. Nf3 Bg4 5. cxd5 cxd5 6. Ne5 Bc8 7. O-O Nc6 8.
Qa4 e6 9. Nc3 Qb6 10. e4 Bd6 11. exd5 Bxe5 12. dxc6 O-O 13. d4 Bd6 14. Bg5 bxc6
15. Qxc6 Qxc6 16. Bxc6 Rb8 17. Rab1 Ba6 18. Rfd1 Rfc8 19. Bg2 Bc4 20. Bxf6 gxf6
21. d5 Be5 22. dxe6 1/2-1/2

[Event "Thüringenliga 2012/2013"]
[Site "?"]
[Date "2013.01.27"]
[Round "6"]
[White "Schmidt, Matthias"]
[Black "Rempel, Patrick"]
[Result "1/2-1/2"]
[WhiteElo "1942"]
[BlackElo "2023"]
[PlyCount "98"]
[EventDate "2013.??.??"]
[WhiteTeam "TSG Apolda"]
[BlackTeam "Ilmenauer SV"]

1. e4 d6 2. d4 Nf6 3. Nc3 g6 4. h3 Bg7 5. Nf3 c5 6. dxc5 Qa5 7. Bb5+ Bd7 8.
Bxd7+ Nbxd7 9. O-O Qxc5 10. Be3 Qc7 11. Nd4 O-O 12. f3 Rfc8 13. Rb1 a6 14. Bf2
b5 15. a3 Nb6 16. Re1 Nfd7 17. Nd5 Qd8 18. Nxb6 Nxb6 19. c3 Nc4 20. Qe2 Bh6 21.
Red1 Rab8 22. Nc2 a5 23. Bd4 Qc7 24. Rd3 Bf4 25. Bf2 e6 26. g3 Bh6 27. Kg2 Bg7
28. Bd4 e5 29. Bf2 f5 30. Rd5 fxe4 31. fxe4 a4 32. Nb4 Qb7 33. Rd3 Rf8 34. Nd5
Rf7 35. Bg1 Rbf8 36. Rdd1 Bh6 37. Rf1 Bg5 38. Rxf7 Qxf7 39. Be3 Nxe3+ 40. Nxe3
Qa7 41. Nd5 Qc5 42. Rf1 Rxf1 43. Qxf1 Kg7 44. h4 Bd8 45. Qe2 h5 46. Qf1 Qc6 47.
Qe2 Qd7 48. Ne3 Kh6 49. Qf1 Kg7 1/2-1/2

[Event "Thüringenliga 2012/2013"]
[Site "?"]
[Date "2013.01.27"]
[Round "6"]
[White "Falk, Kristoffer"]
[Black "Steiger, Jürgen"]
[Result "0-1"]
[WhiteElo "1862"]
[BlackElo "1980"]
[PlyCount "96"]
[EventDate "2013.??.??"]
[WhiteTeam "Ilmenauer SV"]
[BlackTeam "TSG Apolda"]

1. d4 d6 2. Nf3 Nf6 3. c4 g6 4. g3 Bg7 5. Bg2 O-O 6. O-O Nbd7 7. Nc3 e5 8. e4
c6 9. h3 Qe7 10. Be3 a5 11. Qc2 exd4 12. Nxd4 Nc5 13. Rad1 Be6 14. b3 Rfd8 15.
Rfe1 Qc7 16. f4 Re8 17. Bf2 Rad8 18. Nde2 b6 19. g4 Bc8 20. Ng3 Nfd7 21. Qd2
Nf8 22. f5 Be5 23. Qe3 Bb7 24. Nge2 f6 25. Qc1 g5 26. Qc2 Na6 27. a3 c5 28. Nc1
Qf7 29. Nd3 Nc7 30. Qd2 Nd7 31. Qc2 Kg7 32. Bf3 Nb8 33. Ne2 Nc6 34. b4 axb4 35.
axb4 Ra8 36. bxc5 bxc5 37. Nxe5 Nxe5 38. Bg2 Nxc4 39. Nc3 Na6 40. Bf1 Nb4 41.
Qc1 Ne5 42. Rxd6 Nf3+ 43. Kg2 Nxe1+ 44. Qxe1 Rac8 45. Bc4 Qxc4 46. Rd7+ Kg8 47.
Rxb7 Nd3 48. Qd2 Red8 0-1

[Event "Thüringenliga 2012/2013"]
[Site "?"]
[Date "2013.01.27"]
[Round "6"]
[White "Römer, Norbert"]
[Black "Leuner, Klaus"]
[Result "1-0"]
[WhiteElo "1881"]
[BlackElo "1871"]
[PlyCount "65"]
[EventDate "2013.??.??"]
[WhiteTeam "TSG Apolda"]
[BlackTeam "Ilmenauer SV"]

1. c4 c6 2. Nf3 d5 3. e3 Nf6 4. Qc2 e6 5. b3 Bd6 6. Bb2 Nbd7 7. g4 e5 8. g5 Ne4
9. Rg1 Qe7 10. Nc3 Nxc3 11. Qxc3 d4 12. Qc2 Nc5 13. d3 Ne6 14. O-O-O c5 15. Nh4
Nxg5 16. exd4 cxd4 17. Qd2 Ne6 18. Nf5 Qf8 19. Qa5 Bd7 20. Nxd6+ Qxd6 21. Ba3
Qa6 22. Qxa6 bxa6 23. Bg2 O-O-O 24. Bd5 Rhg8 25. Be7 Rde8 26. Bd6 f6 27. Kd2
Rh8 28. c5 Ng5 29. h4 Nh3 30. Rxg7 Nxf2 31. Rf1 Ng4 32. Bf7 Be6 33. Bxe6+ 1-0

[Event "Thüringenliga 2012/2013"]
[Site "?"]
[Date "2013.01.27"]
[Round "6"]
[White "Schenk, Stefan"]
[Black "Einax, Claus-Dieter"]
[Result "1/2-1/2"]
[WhiteElo "1901"]
[BlackElo "1834"]
[PlyCount "82"]
[EventDate "2013.??.??"]
[WhiteTeam "Ilmenauer SV"]
[BlackTeam "TSG Apolda"]

1. e4 e5 2. Nf3 Nc6 3. Bb5 d6 4. d4 exd4 5. Nxd4 Bd7 6. O-O Nxd4 7. Bxd7+ Qxd7
8. Qxd4 Ne7 9. Nc3 Nc6 10. Qe3 O-O-O 11. Rb1 f5 12. b4 Kb8 13. b5 Ne7 14. a4
fxe4 15. Qxe4 Qf5 16. Qd4 Nc8 17. a5 Be7 18. Nd5 Bf6 19. Qc4 Qd7 20. b6 cxb6
21. axb6 a6 22. Be3 Qc6 23. Qd3 Ne7 24. Nb4 Qd7 25. Nd5 Nxd5 26. Qxd5 Qc6 27.
Qxc6 bxc6 28. c4 c5 29. Rfd1 Kb7 30. Bf4 Be7 31. Rd3 Rd7 32. Kf1 Rb8 33. Be3
Kc6 34. Rd5 Rxb6 35. Rxb6+ Kxb6 36. Bxc5+ Kc6 37. Be3 Rb7 38. Ke2 Rb4 39. Kd3
Ra4 40. Kc3 Bf6+ 41. Kb3 Ra1 1/2-1/2

[Event "Thüringenliga 2012/2013"]
[Site "?"]
[Date "2013.01.27"]
[Round "6"]
[White "Siegl, Detlef"]
[Black "Ortlepp, Steffen"]
[Result "0-1"]
[WhiteElo "1778"]
[BlackElo "1819"]
[PlyCount "48"]
[EventDate "2013.??.??"]
[WhiteTeam "TSG Apolda"]
[BlackTeam "Ilmenauer SV"]

1. d4 Nf6 2. Nf3 g6 3. c4 Bg7 4. Nc3 d5 5. Bf4 O-O 6. e3 c5 7. Qb3 cxd4 8. exd4
e6 9. c5 b6 10. Rc1 bxc5 11. Bxb8 cxd4 12. Nxd4 e5 13. Nc6 Qe8 14. Bb5 d4 15.
Qa3 Bd7 16. Bd6 Bxc6 17. Bxc6 Qxc6 18. Ne2 Qxg2 19. Rg1 Qe4 20. f3 Qh4+ 21. Kf1
Qh3+ 22. Rg2 Rfc8 23. Bxe5 Rxc1+ 24. Nxc1 Nd5 0-1

[Event "Thüringenliga 2012/2013"]
[Site "?"]
[Date "2013.02.17"]
[Round "7"]
[White "Goemann, Jens"]
[Black "Pähtz, Thomas"]
[Result "0-1"]
[WhiteElo "2103"]
[BlackElo "2293"]
[PlyCount "80"]
[EventDate "2013.??.??"]
[WhiteTeam "TSG Apolda"]
[BlackTeam "ESV Lok Sömmerda"]

1. c4 g6 2. g3 Bg7 3. Bg2 d6 4. Nf3 Nf6 5. O-O O-O 6. d4 Nc6 7. Nc3 a6 8. d5
Na5 9. Nd2 c5 10. Qc2 Rb8 11. b3 b5 12. Bb2 e5 13. Rab1 Ng4 14. Nd1 f5 15. e3
Bd7 16. Bc3 Qc7 17. f3 Nf6 18. Nf2 Nb7 19. Rfe1 Nd8 20. e4 b4 21. Bb2 Nf7 22.
a3 a5 23. axb4 axb4 24. Ra1 Ra8 25. Qd3 Qb7 26. exf5 Bxf5 27. Nde4 Rxa1 28.
Rxa1 Ra8 29. Qf1 Nxe4 30. fxe4 Bc8 31. Bh3 Bxh3 32. Nxh3 Bh6 33. Kg2 Be3 34.
Rxa8+ Qxa8 35. Qb1 Nd8 36. Kf3 Bd4 37. Bc1 Nb7 38. Ng5 Qa1 39. Qc2 Qc3+ 40.
Qxc3 Bxc3 0-1

[Event "Thüringenliga 2012/2013"]
[Site "?"]
[Date "2013.02.17"]
[Round "7"]
[White "Krüger, Rainer"]
[Black "Rohmeiß, Roberto"]
[Result "1-0"]
[WhiteElo "2088"]
[BlackElo "2033"]
[PlyCount "95"]
[EventDate "2013.??.??"]
[WhiteTeam "ESV Lok Sömmerda"]
[BlackTeam "TSG Apolda"]

1. d4 Nf6 2. Nf3 g6 3. g3 Bg7 4. Bg2 O-O 5. O-O d6 6. c4 c6 7. Nc3 Nbd7 8. e4
Qc7 9. h3 a6 10. Be3 e5 11. Qc2 Re8 12. b4 exd4 13. Nxd4 Ne5 14. Na4 c5 15.
bxc5 dxc5 16. Nb3 b6 17. f4 Nc6 18. Nc3 Nb4 19. Qf2 Bb7 20. e5 Nd7 21. a3 Nc6
22. Nd5 Qb8 23. Rab1 Nd8 24. Rfd1 Ra7 25. Nxb6 Bxg2 26. Nxd7 Rxd7 27. Rxd7 Bxh3
28. Rdd1 Bf5 29. Rb2 Qc8 30. Nxc5 Nc6 31. Nb7 Bg4 32. Nd6 Qe6 33. Nxe8 Bxd1 34.
Nxg7 Kxg7 35. Rd2 Ba4 36. Rd5 Bb3 37. Qe2 h5 38. Qd3 Ba4 39. Qc3 Kh7 40. Bf2
Ne7 41. Rd6 Qh3 42. Qf3 h4 43. Qh1 Qxh1+ 44. Kxh1 hxg3 45. Bxg3 Nf5 46. Rxa6
Bb3 47. Bf2 Bxc4 48. Rb6 1-0

[Event "Thüringenliga 2012/2013"]
[Site "?"]
[Date "2013.02.17"]
[Round "7"]
[White "Maiwald, Harald"]
[Black "Wanzek, Daniel"]
[Result "0-1"]
[WhiteElo "2011"]
[BlackElo "2113"]
[PlyCount "44"]
[EventDate "2013.??.??"]
[WhiteTeam "TSG Apolda"]
[BlackTeam "ESV Lok Sömmerda"]

1. Nf3 Nc6 2. d4 d5 3. g3 Bg4 4. Bg2 Qd7 5. c4 e6 6. O-O dxc4 7. Nc3 O-O-O 8.
Qa4 Kb8 9. Bf4 Bxf3 10. Bxf3 Nxd4 11. Qxc4 Nxf3+ 12. exf3 Bd6 13. Rfd1 Ne7 14.
Rac1 Qc6 15. Qd3 Ng6 16. Be3 Ne5 17. Bxa7+ Kxa7 18. Nb5+ Kb8 19. Qb3 Nxf3+ 20.
Kf1 Qxc1 21. Qxf3 Qc4+ 22. Qe2 Qxe2+ 0-1